La barraca (Record no. 33994)
[ view plain ]
| 000 -LEADER | |
|---|---|
| campo de control de longitud fija | 00767nam a2200205 i 4500 |
| 001 - NÚMERO DE CONTROL | |
| campo de control | 33994 |
| 003 - IDENTIFICADOR DE NÚMERO DE CONTROL | |
| campo de control | ES-MaACL |
| 005 - FECHA Y HORA DE LA ÚLTIMA TRANSACCIÓN | |
| campo de control | 20251009200130.0 |
| 007 - CAMPO FIJO DE DESCRIPCIÓN FÍSICA--INFORMACIÓN GENERAL | |
| campo de control de longitud fija | t| |
| 008 - DATOS DE LONGITUD FIJA--INFORMACIÓN GENERAL | |
| campo de control de longitud fija | 030203s1901 sp ||||1| spa d |
| 100 1# - ENTRADA PRINCIPAL--NOMBRE DE PERSONA | |
| Nombre de persona | Blasco Ibáñez, Vicente, |
| Fechas asociadas al nombre | 1867-1928 |
| 9 (RLIN) | 29388 |
| 245 13 - MENCIÓN DEL TÍTULO | |
| Título | La barraca |
| Resto del título | : novela / |
| Mención de responsabilidad, etc. | Vicente Blasco Ibáñez ; ilustraciones de A. Fillol. |
| 260 ## - PUBLICACIÓN, DISTRIBUCIÓN, ETC. | |
| Lugar de publicación, distribución, etc. | Valencia : |
| Nombre del editor, distribuidor, etc. | Librería de Francisco Sempere, |
| Fecha de publicación, distribución, etc. | 1901 ( |
| Fabricante | Enrique Mirabet) |
| 300 ## - DESCRIPCIÓN FÍSICA | |
| Extensión | 283 p. : |
| Otras características físicas | il. ; |
| Dimensiones | 19 cm. |
| 530 ## - NOTA DISPONIBLE DE FORMULARIO FÍSICO ADICIONAL | |
| Nota de formato físico adicional disponible | Disponible en formato digital. |
| 700 1# - ENTRADA AGREGADA--NOMBRE PERSONAL | |
| Nombre de persona | Fillol, Antonio, |
| Fechas asociadas al nombre | 1870-1930 |
| 9 (RLIN) | 171317 |
| 852 ## - LOCALIZACIÓN | |
| Ubicación | ES-MaACL |
| Número de control de estantería | R-3483 |
| Encuadernación | Olim: B-2635 |
| 856 ## - LOCALIZACIÓN Y ACCESO ELECTRÓNICOS | |
| Identificador Uniforme de Recursos | <a href="http://bdh-rd.bne.es/viewer.vm?id=0000188263&page=1 ">http://bdh-rd.bne.es/viewer.vm?id=0000188263&page=1 </a> |
| Nota pública | Biblioteca Digital Hispánica |
| Estatus retirado | Estado de pérdida | Estado de daño | No para préstamo | Colección | Biblioteca de origen | Biblioteca actual | Ubicación en estantería | Fecha de adquisición | Fuente de adquisición | Total de préstamos | Signatura topográfica completa | Código de barras | Visto por última vez | Precio de reemplazo | Tipo de ítem Koha |
|---|---|---|---|---|---|---|---|---|---|---|---|---|---|---|---|
| Colección digital | Biblioteca del Ateneo de Madrid | Biblioteca del Ateneo de Madrid | Depósito | 17/01/2008 | R-3483 | 1035429 | 23/02/2023 | 23/02/2023 | Libro impreso antiguo |
